[Event "BCF-chT3 1213 (4NCL)"]
[Site "England"]
[Date "2013.05.04"]
[Round "9.189"]
[White "Kay, Jonathan"]
[Black "Dodwell, Philip"]
[Result "1/2-1/2"]
[WhiteElo "1958"]
[BlackElo "1920"]
[PlyCount "43"]
[EventDate "2012.11.03"]
[EventType "team-swiss"]
[EventRounds "11"]
[EventCountry "ENG"]
[SourceTitle "EXT 2014"]
[Source "ChessBase"]
[SourceDate "2013.11.20"]
[SourceVersion "1"]
[SourceVersionDate "2013.11.20"]
[SourceQuality "1"]
[WhiteTeam "Fermented Sharks"]
[BlackTeam "Gloucestershire Gambits"]
[WhiteTeamCountry "ENG"]
[BlackTeamCountry "ENG"]

1. d4 f5 2. Nf3 e6 3. Nc3 d5 4. Bf4 Nf6 5. e3 a6 6. Ne2 c5 7. c3 Nc6 8. Ng3 cxd4 9. exd4 Bd6 10. Bxd6 Qxd6 11. Bd3 0-0 12. Qe2 b5 13. a3 Bd7 14. Ne5 Qc7 15. 0-0 Nxe5 16. Qxe5 Qxe5 17. dxe5 Ne8 18. f4 Nc7 19. Ne2 a5 20. Nd4 Rab8 21. Nb3 Ra8 22. Nd4 1/2-1/2

[Event "BCF-chT3 1112 (4NCL)"]
[Site "England"]
[Date "2012.05.06"]
[Round "10.109"]
[White "Dodwell, Philip"]
[Black "Shepley, Julien M"]
[Result "1/2-1/2"]
[WhiteElo "1924"]
[BlackElo "2045"]
[PlyCount "69"]
[EventDate "2011.11.12"]
[EventType "team-swiss"]
[EventRounds "11"]
[EventCountry "ENG"]
[SourceTitle "EXT 2013"]
[Source "ChessBase"]
[SourceDate "2012.11.22"]
[SourceVersion "1"]
[SourceVersionDate "2012.11.22"]
[SourceQuality "1"]
[WhiteTeam "Gloucestershire Gambits"]
[BlackTeam "Guildford III"]
[WhiteTeamCountry "ENG"]
[BlackTeamCountry "ENG"]

1. e4 d6 2. d4 Nf6 3. Nc3 e5 4. Nf3 Nbd7 5. Bc4 Be7 6. 0-0 c6 7. a4 Qc7 8. Re1 h6 9. b3 Nf8 10. Bb2 Bg4 11. Be2 Bd7 12. Bd3 g5 13. Ne2 Ng6 14. Ra2 g4 15. Nd2 h5 16. Qa1 h4 17. Nc4 Rd8 18. a5 Kf8 19. Qc1 Rc8 20. Ba3 b5 21. axb6 axb6 22. dxe5 dxe5 23. Bxe7+ Nxe7 24. Qa3 b5 25. Ne3 c5 26. Qa7 Qxa7 27. Rxa7 Bc6 28. f3 gxf3 29. gxf3 Rg8+ 30. Kf2 Nh5 31. Rg1 Rxg1 32. Kxg1 Ng6 33. Nf5 Rd8 34. Rc7 Bd7 35. Rxc5 1/2-1/2

[Event "BCF-chT3 1112 (4NCL)"]
[Site "England"]
[Date "2012.04.01"]
[Round "8.44"]
[White "Wallis, Ian J"]
[Black "Dodwell, Philip"]
[Result "1-0"]
[WhiteElo "2028"]
[BlackElo "1924"]
[PlyCount "105"]
[EventDate "2011.11.12"]
[EventType "team-swiss"]
[EventRounds "11"]
[EventCountry "ENG"]
[SourceTitle "EXT 2013"]
[Source "ChessBase"]
[SourceDate "2012.11.22"]
[SourceVersion "1"]
[SourceVersionDate "2012.11.22"]
[SourceQuality "1"]
[WhiteTeam "Anglian Avengers II"]
[BlackTeam "Gloucestershire Gambits"]
[WhiteTeamCountry "ENG"]
[BlackTeamCountry "ENG"]

1. e4 e5 2. Nf3 Nc6 3. Bb5 Nd4 4. Nxd4 exd4 5. 0-0 Bc5 6. d3 c6 7. Ba4 d6 8. f4 f5 9. Nd2 Nf6 10. Bb3 Ng4 11. exf5 Bxf5 12. Re1+ Kd7 13. Nf3 Qf6 14. h3 h5 15. Bd2 Nh6 16. Qe2 Rae8 17. Qf2 Bg6 18. Qh4 Qxh4 19. Nxh4 Bf7 20. Bxf7 Nxf7 21. Nf5 g6 22. Nh4 Rhg8 23. Rxe8 Kxe8 24. Nf3 Kd7 25. Re1 Nd8 26. Ng5 Rf8 27. g4 d5 28. Kg2 Re8 29. Rxe8 Kxe8 30. gxh5 gxh5 31. Kg3 Ke7 32. Kh4 Kf6 33. Kxh5 Kf5 34. Kh4 Bf8 35. Kg3 c5 36. Nf3 Ne6 37. Nh4+ Kf6 38. Kg4 c4 39. f5 Nc5 40. Nf3 cxd3 41. Bg5+ Kg7 42. Nxd4 dxc2 43. Nxc2 Ne4 44. h4 Bc5 45. Ne1 b5 46. Nd3 Nf2+ 47. Nxf2 Bxf2 48. Kf3 Bd4 49. b3 a5 50. h5 a4 51. Ke2 axb3 52. axb3 Be5 53. Kd3 1-0

[Event "BCF-chT3S 1112 (4NCL)"]
[Site "England"]
[Date "2012.01.14"]
[Round "3.6"]
[White "De Coverly, Roger D"]
[Black "Dodwell, Philip"]
[Result "1-0"]
[WhiteElo "2012"]
[BlackElo "1924"]
[PlyCount "79"]
[EventDate "2011.11.12"]
[EventType "team-swiss"]
[EventRounds "6"]
[EventCountry "ENG"]
[SourceTitle "EXT 2013"]
[Source "ChessBase"]
[SourceDate "2012.11.22"]
[SourceVersion "1"]
[SourceVersionDate "2012.11.22"]
[SourceQuality "1"]
[WhiteTeam "Wessex"]
[BlackTeam "Gloucestershire Gambits"]
[WhiteTeamCountry "ENG"]
[BlackTeamCountry "ENG"]

1. e4 e5 2. Nf3 Nc6 3. Bb5 Nd4 4. Nxd4 exd4 5. 0-0 Bc5 6. b4 Bb6 7. Na3 c6 8. Bd3 d5 9. exd5 cxd5 10. Re1+ Kf8 11. Bb2 a6 12. Qe2 Ne7 13. c4 dxc4 14. Nxc4 Ba7 15. a4 h5 16. h3 Be6 17. b5 Bc5 18. Ne5 Rh6 19. Rac1 b6 20. Be4 Nd5 21. Nd3 Rc8 22. bxa6 Qd7 23. Nxc5 bxc5 24. Ba3 Kg8 25. Bxc5 Nf4 26. Qf3 Rf6 27. Qg3 d3 28. a7 Ne2+ 29. Rxe2 dxe2 30. a8Q Rxa8 31. Bxa8 Qxa4 32. Qb8+ Kh7 33. Qb1+ g6 34. Bf3 Rxf3 35. gxf3 Qh4 36. Qe4 Qxh3 37. Qxe2 Bd5 38. Rc3 Qf5 39. Qe3 h4 40. Bf8 1-0

[Event "BCF-chT3 1011 (4NCL)"]
[Site "England"]
[Date "2011.05.01"]
[Round "10.36"]
[White "Dodwell, Philip"]
[Black "Stepanyan, Henrik"]
[Result "1-0"]
[WhiteElo "1962"]
[BlackElo "1915"]
[PlyCount "77"]
[EventDate "2010.11.06"]
[EventType "team-swiss"]
[EventRounds "9"]
[EventCountry "ENG"]
[SourceTitle "EXT 2012"]
[Source "ChessBase"]
[SourceDate "2011.11.24"]
[SourceVersion "1"]
[SourceVersionDate "2011.11.24"]
[SourceQuality "1"]
[WhiteTeam "Gloucestershire Gambits"]
[BlackTeam "Warwicks Select II"]
[WhiteTeamCountry "ENG"]
[BlackTeamCountry "ENG"]

1. e4 e5 2. Nc3 Nc6 3. Nf3 Nf6 4. Bb5 d6 5. d4 exd4 6. Nxd4 Bd7 7. Bxc6 Bxc6 8. Qd3 Be7 9. Nf5 Bf8 10. 0-0 Qd7 11. b4 g6 12. b5 gxf5 13. bxc6 Qxc6 14. Nd5 Nd7 15. Bg5 Rg8 16. Bh4 Rg4 17. Qh3 Rxe4 18. Qxf5 Re5 19. Nf6+ Nxf6 20. Qxf6 Be7 21. Qh8+ Kd7 22. Qxa8 Bxh4 23. Qg8 Qe4 24. Qxf7+ Re7 25. Qb3 Bf6 26. Rad1 Rg7 27. g3 Be5 28. Qd3 Qg4 29. Rfe1 Qh5 30. Qe2 Qxe2 31. Rxe2 Kc6 32. Re4 b6 33. f4 Bb2 34. Kg2 d5 35. Re6+ Kc5 36. f5 Rf7 37. g4 h5 38. h3 h4 39. Kf3 1-0

[Event "BCF-chT3 0910 (4NCL)"]
[Site "England"]
[Date "2010.01.17"]
[Round "4.5"]
[White "Burnell, Stephen"]
[Black "Dodwell, Philip"]
[Result "1/2-1/2"]
[WhiteElo "1898"]
[BlackElo "1978"]
[PlyCount "52"]
[EventDate "2009.10.24"]
[EventType "team-tourn"]
[EventRounds "11"]
[EventCountry "ENG"]
[SourceTitle "EXT 2011"]
[Source "ChessBase"]
[SourceDate "2010.11.26"]
[SourceVersion "1"]
[SourceVersionDate "2010.11.26"]
[SourceQuality "1"]
[WhiteTeam "Braille Chess Association"]
[BlackTeam "Gloucestershire. Gambits"]
[WhiteTeamCountry "ENG"]
[BlackTeamCountry "ENG"]

1. d4 f5 2. Nf3 Nf6 3. g3 e6 4. Bg2 Be7 5. 0-0 0-0 6. c4 d6 7. Nc3 Ne4 8. Qc2 Nxc3 9. Qxc3 a5 10. a3 a4 11. Bd2 Nd7 12. Qc2 e5 13. dxe5 dxe5 14. Bc3 e4 15. Ne5 Nc5 16. f3 Bd6 17. fxe4 Qe7 18. Nd3 Nxe4 19. Bb4 c5 20. Bd2 Bd7 21. Bf4 Bc6 22. Bxd6 Qxd6 23. Rad1 Qe7 24. Nf4 Rfe8 25. Nd5 Qe5 26. Qc1 Rad8 1/2-1/2

[Event "BCF-chT3 0809 (4NCL)"]
[Site "Hinckley Island"]
[Date "2009.05.04"]
[Round "11.6"]
[White "Szymanski, Mark"]
[Black "Dodwell, Philip"]
[Result "0-1"]
[WhiteElo "1985"]
[BlackElo "2005"]
[PlyCount "120"]
[EventDate "2008.10.18"]
[EventType "team-swiss"]
[EventRounds "11"]
[EventCountry "ENG"]
[SourceTitle "EXT 2010"]
[Source "ChessBase"]
[SourceDate "2010.11.25"]
[SourceVersion "1"]
[SourceVersionDate "2010.11.25"]
[SourceQuality "1"]
[WhiteTeam "ICENI"]
[BlackTeam "Gloucestershire Gambits"]
[WhiteTeamCountry "ENG"]
[BlackTeamCountry "ENG"]

1. d4 f5 2. e4 fxe4 3. Nc3 Nf6 4. Bg5 Nc6 5. d5 Ne5 6. Qd4 d6 7. Bxf6 exf6 8. Qxe4 Be7 9. h3 0-0 10. 0-0-0 f5 11. Qd4 Bf6 12. f4 Nd7 13. Qd2 Nc5 14. Nf3 b5 15. Bxb5 Rb8 16. Nd4 Bd7 17. Bc4 Kh8 18. Bb3 a5 19. Nc6 Bxc6 20. dxc6 a4 21. Bd5 Rb6 22. Rde1 Qb8 23. b3 Qa8 24. Re2 axb3 25. cxb3 Qa5 26. Nb1 Qa8 27. Rhe1 Rbb8 28. g4 Qa6 29. Re3 Qb6 30. Kd1 Bh4 31. R1e2 Ne4 32. Bxe4 fxe4 33. Rxe4 Qxc6 34. Qc2 Qb6 35. Kc1 Bg3 36. Qd2 Qc5+ 37. Kb2 d5 38. Rd4 c6 39. Qe3 Bh4 40. g5 h6 41. Nd2 Rbe8 42. Ne4 dxe4 43. Rxe4 Qxe3 44. R2xe3 Rxe4 45. Rxe4 hxg5 46. fxg5 Bxg5 47. Re6 c5 48. Kc3 Rf4 49. a4 Rd4 50. Re5 Bd2+ 51. Kc2 Bb4 52. Re3 Kg8 53. Rf3 Rd2+ 54. Kc1 Rd6 55. Kc2 Kh7 56. Rg3 Kh6 57. Rf3 Rd2+ 58. Kc1 g6 59. Kb1 Kh5 60. Kc1 Rh2 0-1

[Event "BCF-chT4 0607 (4NCL)"]
[Site "Sunningdale"]
[Date "2007.05.26"]
[Round "9.123"]
[White "Dodwell, Philip"]
[Black "Loftus, Sean"]
[Result "1/2-1/2"]
[WhiteElo "2065"]
[BlackElo "1905"]
[PlyCount "70"]
[EventDate "2006.09.16"]
[EventType "team"]
[EventRounds "11"]
[EventCountry "ENG"]
[SourceTitle "EXT 2008"]
[Source "ChessBase"]
[SourceDate "2007.11.25"]
[SourceVersion "1"]
[SourceVersionDate "2007.11.25"]
[SourceQuality "1"]
[WhiteTeam "Gloucestershire Gambits"]
[BlackTeam "Braille Chess Association"]
[WhiteTeamCountry "ENG"]
[BlackTeamCountry "ENG"]

1. c4 f5 2. d4 e6 3. Nc3 Bb4 4. Bd2 Nf6 5. g3 0-0 6. Bg2 a5 7. Nf3 d6 8. 0-0 Qe7 9. e3 Nbd7 10. Qe2 Bxc3 11. Bxc3 Ne4 12. Rac1 e5 13. Rfd1 Nxc3 14. Rxc3 e4 15. Ne1 Nf6 16. b3 Bd7 17. Rb1 Ra7 18. Rcc1 Kh8 19. Nc2 c6 20. a3 Rc8 21. b4 b5 22. bxa5 Rxa5 23. Qd2 Raa8 24. Qb4 Ra4 25. Qb3 Rxc4 26. Bf1 Ra4 27. Nb4 Raa8 28. Rc2 Qe8 29. Rbc1 Ng8 30. Rc3 Ne7 31. Qc2 Ra5 32. Be2 Rca8 33. Qb2 Rb8 34. Bf1 Rba8 35. Be2 Rb8 1/2-1/2

[Event "BCF-chT4 0607 (4NCL)"]
[Site "Sunningdale"]
[Date "2006.12.02"]
[Round "3.4"]
[White "Reynolds, D Ian W"]
[Black "Dodwell, Philip"]
[Result "1-0"]
[WhiteElo "2093"]
[BlackElo "2065"]
[PlyCount "85"]
[EventDate "2006.09.16"]
[EventType "team"]
[EventRounds "11"]
[EventCountry "ENG"]
[SourceTitle "EXT 2008"]
[Source "ChessBase"]
[SourceDate "2007.11.25"]
[SourceVersion "1"]
[SourceVersionDate "2007.11.25"]
[SourceQuality "1"]
[WhiteTeam "Anglian Avengers"]
[BlackTeam "Gloucestershire Gambits"]
[WhiteTeamCountry "ENG"]
[BlackTeamCountry "ENG"]

1. e4 e5 2. Nf3 Nc6 3. d4 exd4 4. Nxd4 Nf6 5. Nxc6 bxc6 6. e5 Qe7 7. Qe2 Nd5 8. c4 Qb4+ 9. Nd2 Nf4 10. Qe4 Ne6 11. Be2 Bb7 12. a3 Qb6 13. Nf3 Be7 14. Be3 c5 15. Qd3 Qc6 16. 0-0-0 0-0-0 17. Ne1 d6 18. Qf5 Rhf8 19. Bf3 Qa4 20. Bxb7+ Kxb7 21. Qe4+ Qc6 22. Qxc6+ Kxc6 23. Nd3 f6 24. exd6 Bxd6 25. f4 f5 26. Rhe1 Rfe8 27. g3 g6 28. Kc2 a6 29. b4 Nd4+ 30. Bxd4 cxd4 31. c5 Bf8 32. Ne5+ Kb5 33. Kb3 a5 34. a4+ Ka6 35. b5+ Kb7 36. Kc4 Bg7 37. Nc6 Ra8 38. Nxa5+ Rxa5 39. Rxe8 Rxa4+ 40. Kb3 Ra5 41. Kb4 Ra2 42. c6+ Ka7 43. Rd3 1-0

[Event "BCF-chT4 0506 (4NCL)"]
[Site "West Bromwich"]
[Date "2006.03.19"]
[Round "8.3"]
[White "Foster, James C"]
[Black "Dodwell, Philip"]
[Result "1-0"]
[WhiteElo "1950"]
[BlackElo "2060"]
[PlyCount "75"]
[EventDate "2005.11.05"]
[EventType "team"]
[EventRounds "11"]
[EventCountry "ENG"]
[SourceTitle "CBM 109 Extra"]
[Source "ChessBase"]
[SourceDate "2006.01.03"]
[SourceVersion "2"]
[SourceVersionDate "2006.01.03"]
[SourceQuality "1"]
[WhiteTeam "Conquistadors"]
[BlackTeam "Gloucestershire Gambits"]
[WhiteTeamCountry "ENG"]
[BlackTeamCountry "ENG"]

1. e4 e5 2. Nf3 Nc6 3. Bb5 Nd4 4. Nxd4 exd4 5. d3 c6 6. Bc4 d5 7. Bb3 Bc5 8. 0-0 Ne7 9. Bg5 f6 10. Bh4 Be6 11. f4 Qd7 12. f5 Bf7 13. Nd2 0-0-0 14. Kh1 h5 15. a4 Rh6 16. Ba2 Bd6 17. Rb1 Rg8 18. b4 g6 19. Bxf6 gxf5 20. e5 Rxf6 21. exf6 Ng6 22. Nf3 Nf4 23. Nxd4 h4 24. Rf2 Rg4 25. h3 Rg3 26. Qd2 Nxh3 27. gxh3 Rxh3+ 28. Kg1 Rg3+ 29. Rg2 f4 30. Rf1 Qg4 31. Qe2 Qxe2 32. Nxe2 f3 33. Rxg3 fxe2 34. Rg7 Bh2+ 35. Kf2 exf1Q+ 36. Kxf1 Be6 37. f7 Bd6 38. Rg8+ 1-0

[Event "BCF-chT4a 0405 (4NCL)"]
[Site "Telford"]
[Date "2005.02.27"]
[Round "6.4"]
[White "Dodwell, Philip"]
[Black "Laurence, Geoffrey"]
[Result "0-1"]
[WhiteElo "2100"]
[BlackElo "1975"]
[PlyCount "70"]
[EventDate "2004.11.06"]
[EventType "team"]
[EventRounds "11"]
[EventCountry "ENG"]
[SourceTitle "EXT 2006"]
[Source "ChessBase"]
[SourceDate "2005.11.24"]
[SourceVersion "1"]
[SourceVersionDate "2005.11.24"]
[SourceQuality "1"]
[WhiteTeam "Gloucestershire Gambits"]
[BlackTeam "Cheddleton"]
[WhiteTeamCountry "ENG"]
[BlackTeamCountry "ENG"]

1. e4 Nc6 2. Nf3 d6 3. d4 e5 4. Bb5 exd4 5. Nxd4 Bd7 6. Bxc6 Bxc6 7. Nc3 Qd7 8. Be3 Nf6 9. f3 g6 10. Qd2 Bg7 11. 0-0-0 a6 12. Kb1 0-0 13. g4 b5 14. Bh6 Bb7 15. h4 Bxh6 16. Qxh6 Kh8 17. h5 Rg8 18. Qf4 Qe7 19. Rh2 Qe5 20. Qd2 b4 21. Nd5 Bxd5 22. exd5 Qxd5 23. hxg6 Rxg6 24. Qe1 Re8 25. Qh1 Qg5 26. Nf5 a5 27. Re1 Rxe1+ 28. Qxe1 Qf4 29. Re2 Qxf3 30. Nh4 Qxg4 31. Nxg6+ Qxg6 32. b3 Nd5 33. Rf2 Nc3+ 34. Kb2 Kg7 35. Qe7 Nd1+ 0-1